[Event "Match"]
[Site "www.echecsemail.com"]
[Date "2018.12.03"]
[Round "1"]
[White "Darknight"]
[Black "Whitekknight"]
[WhiteElo "1840"]
[BlackElo "1850"]
[Result "1-0"]
[Round "1"]
1.e4 e5
2.Bf1c4 Ng8f6
3.d3 h6
4.h3 Bf8c5
5.c3 Nb8c6
6.Ng1f3 O-O
7.a3 a6
8.g4 g5
9.h4 Nf6xg4
10.Bc1e3 Bc5xe3
11.fxe3 Ng4xe3
12.Qd1e2 Ne3xc4
13.dxc4 g4
14.Nf3g1 h5
15.Nb1d2 d6
16.O-O-O Qd8f6
17.Kb1 Bc8e6
18.Rd1f1 Qf6g6
19.Rf1f2 g3
20.Rf2g2 Kh7
21.Ng1f3 Rf8g8
22.Nd2f1 f5
23.Rg2xg3 Qg6f7
24.Nf3g5 Rg8xg5
25.hxg5 Qf7g6
26.Rh1xh5 Kg7
27.Rh5h6 Qg6f7
28.Rh6f6 Qf7e8
29.Rg3h3 Be6g8
30.Nf1e3 Nc6e7
31.Ne3xf5 Ne7xf5
32.exf5 Ra8d8
33.Qe2h2 { resign }
1-0

[Event "Match"]
[Site "www.echecsemail.com"]
[Date "2018.12.03"]
[Round "1"]
[White "Mitja"]
[Black "Tonino1"]
[WhiteElo "1910"]
[BlackElo "2240"]
[Result "0-1"]
[Round "1"]
1.d4 d6
2.e3 Ng8f6
3.c3 c6
4.h3 Qd8c7
5.Ng1f3 e5
6.dxe5 dxe5
7.Bf1e2 g6
8.Qd1c2 Bf8g7
9.b3 O-O
10.Bc1b2 Nb8d7
11.Nb1a3 h6
12.O-O Nf6d5
13.Ra1d1 f5
14.Na3b1 e4
15.Nf3d2 Nd7e5
16.c4 Nd5b4
17.Bb2xe5 Qc7xe5
18.Qc2c1 Nb4xa2
19.Qc1a3 Na2c3
20.Nb1xc3 Qe5xc3
21.Qa3d6 Qc3f6
22.Qd6a3 Bc8e6
23.c5 b5
24.cxb6 axb6
25.Qa3b4 b5
26.Rd1c1 Be6d5
27.Nd2b1 Qf6b2
28.Rf1e1 Qb2xb3
29.Qb4xb3 Bd5xb3
30.Rc1xc6 Rf8b8
31.Rc6xg6 Kh7
32.Rg6c6 Ra8a1
33.Rc6c5 Bb3a2
34.Rc5c1 b4
35.Nb1d2 Ra1xc1
36.Re1xc1 Bg7c3
37.Nd2c4 Rb8c8
38.Nc4d6 Rc8c5
39.Nd6b5 Bc3d4
40.Rc1xc5 Bd4xc5
41.Nb5d4 f4
42.Kf1 Bc5xd4
43.exd4 Ba2d5
44.f3 exf3
45.gxf3 b3
46.Be2d3 Kg7
47.Ke2 b2
48.Bd3b1 Kf6
49.Kd2 Bd5xf3
50.Kc3 Kg5
51.Kxb2 Bf3d5
52.Bb1d3 Bd5g2
53.Kc2 f3
54.d5 Bg2xh3
55.d6 Bh3d7
56.Kd2 Kf4
57.Ke1 Ke3
{ resign }
0-1

[Event "Tourn. n10003"]
[Site "www.echecsemail.com"]
[Date "2018.12.03"]
[Round "1"]
[White "Cemaah"]
[Black "Aiko1603"]
[WhiteElo "1859"]
[BlackElo "2060"]
[Result "1-0"]
[Round "1"]
1.e4 c5
2.Ng1f3 Nb8c6
3.d4 cxd4
4.Nf3xd4 g6
5.c4 d6
6.Bc1e3 Bf8g7
7.Nb1c3 Ng8f6
8.f3 O-O
9.Qd1d2 a6
10.Nd4c2 Bc8e6
11.Bf1e2 Qd8c7
12.Ra1c1 Nc6e5
13.b3 Ne5c6
14.O-O Nf6d7
15.f4 Nd7f6
16.h3 Nf6d7
17.f5 Nd7e5
18.fxe6 fxe6
19.Nc2d4 Nc6xd4
20.Be3xd4 Qc7a5
21.Rf1d1 Ne5c6
22.Bd4xg7 Kxg7
23.Nc3a4 Qa5e5
24.Qd2c3 Qe5xc3
25.Na4xc3 e5
26.Nc3d5 Nc6d4
27.Rd1xd4 exd4
28.Nd5c7 Ra8c8
29.Nc7e6 Kg8
30.Ne6xf8 Rc8xf8
31.c5 Rf8c8
32.Be2c4 Kg7
33.cxd6 exd6
34.Rc1d1 b5
35.Bc4d5 Rc8c2
36.a4 b4
37.Rd1xd4 a5
38.Bd5c4 { resign }
1-0

[Event "Tourn. n9983"]
[Site "www.echecsemail.com"]
[Date "2018.12.03"]
[Round "1"]
[White "Picifarkinca"]
[Black "Cal"]
[WhiteElo "1730"]
[BlackElo "1770"]
[Result "1/2-1/2"]
[Round "1"]
1.e4 e5
2.Ng1f3 d6
3.d4 exd4
4.Nf3xd4 a6
5.Bf1e2 h6
6.a4 c5
7.Nd4f3 Bc8g4
8.O-O Nb8c6
9.c3 Bg4xf3
10.Be2xf3 Ng8f6
11.g3 Bf8e7
12.Rf1e1 Nc6e5
13.Bf3g2 b6
14.Nb1a3 O-O
15.f4 Ne5g6
16.e5 Nf6h7
17.Bg2xa8 Qd8xa8
18.Na3c4 Qa8c6
19.exd6 Be7f6
20.Nc4e5 Bf6xe5
21.fxe5 Rf8d8
22.c4 Nh7f8
23.Ra1a3 Nf8e6
24.h4 Ne6d4
25.Ra3d3 Ng6f8
26.b3 a5
27.Qd1g4 Kh7
28.Qg4e4 Qc6xe4
29.Re1xe4 Nf8e6
30.Bc1b2 Nd4c2
31.Rd3f3 { draw }
1/2-1/2

[Event "Tourn. n9983"]
[Site "www.echecsemail.com"]
[Date "2018.12.04"]
[Round "1"]
[White "Ditto"]
[Black "Picifarkinca"]
[WhiteElo "1880"]
[BlackElo "1730"]
[Result "1/2-1/2"]
[Round "1"]
1.e4 c6
2.Ng1f3 d5
3.exd5 cxd5
4.d4 Ng8f6
5.c4 dxc4
6.Bf1xc4 e6
7.O-O a6
8.Bc1g5 Bf8e7
9.Nb1c3 b5
10.Bc4b3 Bc8b7
11.Rf1e1 Nb8d7
12.Qd1d2 O-O
13.Bb3c2 h6
14.Bg5e3 Ra8c8
15.Qd2d3 b4
16.Nc3e4 Bb7xe4
{ draw }
1/2-1/2

[Event "Match"]
[Site "www.echecsemail.com"]
[Date "2018.12.04"]
[Round "1"]
[White "Krystek23"]
[Black "Zorkvonblitz"]
[WhiteElo "2610"]
[BlackElo "1649"]
[Result "1-0"]
[Round "1"]
1.c4 f5
2.Nb1c3 Ng8f6
3.Ng1f3 c5
4.g3 Nb8c6
5.Bf1g2 e5
6.d3 d6
7.O-O Bc8e6
8.a3 Qd8b6
9.b4 cxb4
10.axb4 Qb6xb4
11.Nc3b5 Kd7
12.Ra1a4 Qb4c5
13.d4 exd4
14.Bc1a3 Qc5b6
15.Nf3g5 Be6g8
16.Qd1d3 g6
17.Rf1b1 Qb6d8
18.Nb5xd6 Bf8xd6
19.Rb1xb7 Bd6c7
20.Qd3b1 Ra8b8
21.Bg2xc6 Kc8
22.Rb7xb8 { resign }
1-0

[Event "Tourn. n9902"]
[Site "www.echecsemail.com"]
[Date "2018.12.04"]
[Round "1"]
[White "Gvladutz"]
[Black "Grischuk2789"]
[WhiteElo "2470"]
[BlackElo "2440"]
[Result "0-1"]
[Round "1"]
1.d4 g6
2.e4 Bf8g7
3.Nb1c3 d6
4.Bc1e3 Ng8f6
5.Qd1d2 O-O
6.O-O-O c6
7.f3 b5
8.g4 Nb8d7
9.g5 Nf6h5
10.Ng1e2 b4
11.Nc3a4 Qd8a5
12.b3 Nd7b6
13.a3 c5
14.dxc5 Nb6c4
15.axb4 Bg7b2
16.Kb1 Nc4xd2
17.Be3xd2 Qa5c7
18.cxd6 Qc7xd6
19.Na4xb2 Bc8e6
20.Ne2c1 Ra8b8
21.Nc1d3 a5
22.bxa5 Be6xb3
23.cxb3 Rb8xb3
24.Bd2e3 Qd6a3
25.Rd1d2 Qa3xa5
26.Bf1h3 Qa5c3
27.Rh1d1 Rf8a8
28.Be3c5 Rb3b5
29.Bc5b4 Rb5xb4
30.Nd3xb4 Qc3xb4
31.Bh3g4 Nh5f4
32.Rd2d4 Qb4b6
33.Rd1d2 e6
34.h3 Kg7
35.h4 Qb6b3
36.Rd4d8 Ra8a6
37.Rd8d6 Ra6a5
38.Rd6c6 Qb3a2
39.Kc2 Ra5b5
40.Kd1 Rb5xb2
41.Rd2xb2 Qa2xb2
42.Rc6c2 Qb2d4
43.Kc1 Nf4d3
44.Kd1 Qd4g1
45.Kd2 Nd3f2
46.Kc3 Nf2xg4
47.fxg4 Qg1xg4
48.Kd4 Qg4xh4
49.Rc2g2 h6
50.gxh6 Qh4xh6
51.Rg2f2 g5
52.Rf2g2 f5
53.exf5 exf5
54.Rg2c2 Qh6d6
55.Kc3 f4
56.Rc2d2 Qd6c5
57.Kd3 Qc5e3
58.Kc2 g4
{ resign }
0-1

[Event "Tourn. n9950"]
[Site "www.echecsemail.com"]
[Date "2018.12.04"]
[Round "1"]
[White "Obisporey"]
[Black "Virgil08bv"]
[WhiteElo "2530"]
[BlackElo "2550"]
[Result "1-0"]
[Round "1"]
1.e4 d6
2.d4 Ng8f6
3.Nb1c3 g6
4.f4 Bf8g7
5.Ng1f3 O-O
6.Bf1e2 c5
7.dxc5 Qd8a5
8.O-O Qa5xc5
9.Kh1 Nb8c6
10.Be2d3 Bc8g4
11.Qd1e1 Bg4xf3
12.Rf1xf3 Nf6d7
13.Nc3d5 e6
14.Bc1e3 Qc5a5
15.Nd5e7 Kh8
16.Ne7xc6 Qa5xe1
17.Ra1xe1 bxc6
18.b3 a5
19.c4 f5
20.exf5 exf5
21.Be3g1 Rf8e8
22.Rf3e3 Re8xe3
23.Re1xe3 Nd7c5
24.Bd3f1 Kg8
25.Re3e7 Bg7f6
26.Re7c7 Ra8e8
27.g3 Re8e1
28.Bg1xc5 dxc5
29.Kg2 Re1a1
30.a4 Ra1b1
31.Rc7xc6 Bf6d4
32.Rc6b6 Bd4c3
33.h4 Kg7
34.Rb6b7 Kh6
35.Bf1d3 Rb1b2
36.Kh3 Bc3b4
37.Rb7d7 Rb2xb3
38.g4 fxg4
39.Kxg4 Bb4c3
40.h5 Bc3d4
41.hxg6 hxg6
42.Bd3e4 Rb3e3
43.Be4d5 Re3e1
44.Rd7a7 Re1g1
45.Kf3 Rg1f1
46.Kg3 Bd4c3
47.Kg4 Bc3d2
48.Ra7f7 Rf1a1
49.Rf7c7 Bd2e3
50.Bd5g8 Ra1g1
51.Kf3 Be3xf4
52.Kxf4 g5
53.Ke5 Rg1e1
54.Kd5 Re1a1
55.Bg8e6 Ra1xa4
56.Be6f5 g4
57.Bf5xg4 Ra4a1
58.Rc7a7 Kg5
59.Bg4d7 { resign }
1-0

[Event "Tourn. n9963"]
[Site "www.echecsemail.com"]
[Date "2018.12.04"]
[Round "1"]
[White "Hundegana"]
[Black "Fantomas"]
[WhiteElo "2040"]
[BlackElo "2090"]
[Result "0-1"]
[Round "1"]
1.b4 e6
2.Bc1b2 c5
3.bxc5 Ng8f6
4.d4 Nb8c6
5.Ng1f3 b6
6.cxb6 Qd8xb6
7.Bb2c3 Nf6e4
8.e3 Ne4xc3
9.Nb1xc3 Bf8b4
10.Ra1b1 Bb4xc3
11.Nf3d2 Qb6a5
12.Rb1b5 Bc3xd2
13.Qd1xd2 Qa5xd2
14.Kxd2 d5
15.Bf1e2 Bc8a6
16.Rb5b2 Ba6xe2
17.Kxe2 O-O
18.Rh1b1 Rf8b8
19.Rb2xb8 Ra8xb8
20.Rb1a1 a5
21.Kd2 a4
22.a3 Nc6a5
23.Ra1a2 Na5c4
24.Kd3 f5
25.f3 Kf7
26.e4 f4
27.g3 g5
28.gxf4 gxf4
29.exd5 exd5
30.c3 Rb8b2
31.Ra2xb2 Nc4xb2
32.Kc2 Nb2c4
33.h3 Nc4xa3
34.Kb2 Na3c4
35.Kc2 a3
36.Kb3 Nc4d2
37.Kxa3 Nd2xf3
38.Kb2 Nf3g1
39.Kc2 Ng1xh3
40.Kd2 f3
41.Ke1 Nh3g5
42.Kf2 h5
43.Kg3 h4
44.Kf2 Kf6
45.Ke3 Kf5
46.Kf2 Kf4
47.Kf1 Ke3
48.c4 dxc4
49.d5 Ng5e4
50.Ke1 f2
51.Kf1 h3
52.d6 Ne4d2
{ resign }
0-1

[Event "Tourn. n10003"]
[Site "www.echecsemail.com"]
[Date "2018.12.04"]
[Round "1"]
[White "Picifarkinca"]
[Black "Aiko1603"]
[WhiteElo "1840"]
[BlackElo "2060"]
[Result "1/2-1/2"]
[Round "1"]
1.Ng1f3 c5
2.g3 Nb8c6
3.Bf1g2 g6
4.O-O Bf8g7
5.e4 d6
6.d3 Ng8f6
7.Nb1c3 O-O
8.h3 Bc8e6
9.Nf3g5 Qd8d7
10.f4 Qd7c8
11.Ng5xe6 fxe6
12.Nc3e2 Nf6h5
13.Kh2 Nc6d4
14.c3 Nd4c6
15.Bc1e3 Bg7h6
16.Qd1d2 Nc6a5
17.g4 { draw }
1/2-1/2

[Event "Match"]
[Site "www.echecsemail.com"]
[Date "2018.12.04"]
[Round "1"]
[White "Darknight"]
[Black "Caspito"]
[WhiteElo "1840"]
[BlackElo "1800"]
[Result "1-0"]
[Round "1"]
1.e4 e5
2.Bf1c4 Qd8f6
3.Ng1f3 d6
4.h3 Nb8c6
5.c3 Bc8d7
6.a3 Nc6a5
7.Bc4a2 g6
8.d3 O-O-O
9.Bc1g5 Qf6g7
10.Bg5xd8 Kxd8
11.Nf3g5 c6
12.Ng5xf7 Kc7
13.Nf7xh8 Qg7xh8
14.b4 { resign }
1-0

[Event "Tourn. n10008"]
[Site "www.echecsemail.com"]
[Date "2018.12.04"]
[Round "1"]
[White "Picifarkinca"]
[Black "Wegaman"]
[WhiteElo "1860"]
[BlackElo "2030"]
[Result "1/2-1/2"]
[Round "1"]
1.Ng1f3 d5
2.d4 Ng8f6
3.c4 e6
4.Nb1c3 Bf8b4
5.a3 Bb4e7
6.Bc1g5 O-O
7.e3 c6
8.c5 b6
9.b4 h6
10.Bg5f4 Nf6h5
11.Bf4xb8 Ra8xb8
12.Nf3e5 Nh5f6
13.Bf1d3 bxc5
14.Ne5xc6 Qd8c7
15.Nc6xb8 Qc7xb8
16.dxc5 e5
17.Bd3e2 { draw }
1/2-1/2

[Event "Match"]
[Site "www.echecsemail.com"]
[Date "2018.12.04"]
[Round "1"]
[White "Estonia"]
[Black "Tonino1"]
[WhiteElo "1950"]
[BlackElo "2250"]
[Result "0-1"]
[Round "1"]
1.c4 d6
2.Nb1c3 Ng8f6
3.d4 c6
4.e4 Qd8c7
5.f4 e5
6.fxe5 dxe5
7.d5 Bf8e7
8.Ng1f3 O-O
9.Bf1e2 Nb8d7
10.O-O a5
11.b3 Nd7c5
12.Bc1b2 Be7d6
13.Nf3d2 Qc7e7
14.a3 Bc8d7
15.b4 axb4
16.axb4 Ra8xa1
17.Qd1xa1 Nc5a6
18.b5 Na6c7
19.bxc6 bxc6
20.h3 Rf8a8
21.Qa1e1 Bd6c5
22.Kh2 Nf6e8
23.Nd2f3 Ne8d6
24.Qe1h4 Qe7xh4
25.Nf3xh4 cxd5
26.cxd5 f6
27.g4 Bc5d4
28.Nh4f5 Nd6xf5
29.gxf5 Bd4xc3
30.Bb2xc3 Ra8a2
31.d6 Ra2xe2
32.Kg1 Nc7b5
33.Bc3a5 Re2xe4
34.Ba5b6 Nb5d4
35.Rf1a1 Bd7xf5
36.Ra1a7 Nd4c6
37.d7 Kf8
38.d8Q Nc6xd8
39.Bb6xd8 Bf5xh3
40.Ra7a8 Kf7
41.Bd8b6 f5
42.Ra8a7 Kg6
43.Bb6d8 f4
44.Kf2 h5
45.Bd8e7 Kf5
46.Be7f8 g5
47.Ra7f7 Kg4
48.Bf8e7 f3
49.Be7xg5 Kxg5
50.Rf7xf3 Re4f4
51.Kg3 h4
52.Kf2 e4
53.Rf3xf4 Kxf4
{ resign }
0-1

[Event "Tourn. n9993"]
[Site "www.echecsemail.com"]
[Date "2018.12.04"]
[Round "1"]
[White "Cal"]
[Black "Picifarkinca"]
[WhiteElo "1740"]
[BlackElo "1760"]
[Result "1/2-1/2"]
[Round "1"]
1.Ng1f3 d5
2.d4 Ng8f6
3.h3 g6
4.e3 Bf8g7
5.a3 O-O
6.Bf1d3 Nb8d7
7.b4 b6
8.Nb1c3 Bc8b7
9.Bc1b2 Rf8e8
10.O-O e5
11.dxe5 Nd7xe5
12.Nf3d4 Ne5xd3
13.cxd3 a6
14.f4 Re8xe3
15.Nd4f3 c5
16.bxc5 bxc5
17.Nf3e5 d4
18.Nc3e2 Nf6h5
19.Kh2 Bg7xe5
{ draw }
1/2-1/2

[Event "Tourn. n10006"]
[Site "www.echecsemail.com"]
[Date "2018.12.04"]
[Round "1"]
[White "Picifarkinca"]
[Black "Cal"]
[WhiteElo "1860"]
[BlackElo "1810"]
[Result "1/2-1/2"]
[Round "1"]
1.Ng1f3 d5
2.d4 h6
3.c4 dxc4
4.e3 e6
5.Bf1xc4 Ng8f6
6.O-O a6
7.a4 Bf8d6
8.Qd1e2 Nb8c6
9.Rf1d1 Bc8d7
10.e4 O-O
11.e5 Bd6xe5
12.Nf3xe5 Nc6b4
13.Nb1c3 Qd8e7
14.Ne5xd7 Rf8d8
15.Nd7xf6 { draw }
1/2-1/2

[Event "Tourn. n10007"]
[Site "www.echecsemail.com"]
[Date "2018.12.04"]
[Round "1"]
[White "Picifarkinca"]
[Black "Francesco"]
[WhiteElo "1840"]
[BlackElo "1930"]
[Result "0-1"]
[Round "1"]
1.Ng1f3 d5
2.c4 c6
3.d4 Bc8g4
4.e3 Ng8f6
5.Nb1c3 Nb8d7
6.Qd1c2 Bg4xf3
7.gxf3 e6
8.f4 Bf8d6
9.c5 Bd6c7
10.b4 a5
11.b5 O-O
12.a4 Nf6g4
13.f3 Qd8h4
{ resign }
0-1

[Event "Tourn. n9992"]
[Site "www.echecsemail.com"]
[Date "2018.12.04"]
[Round "1"]
[White "Apdash"]
[Black "Tartan"]
[WhiteElo "2350"]
[BlackElo "2610"]
[Result "0-1"]
[Round "1"]
1.e4 c5
2.Ng1f3 e6
3.d4 cxd4
4.Nf3xd4 a6
5.Bf1c4 Ng8f6
6.Nb1c3 d6
7.Bc1g5 Bf8e7
8.O-O O-O
9.Kh1 b5
10.Bc4b3 b4
11.Bg5xf6 Be7xf6
12.Nc3e2 Qd8b6
13.c3 Nb8c6
14.Qd1d3 bxc3
15.bxc3 a5
16.Ra1b1 Qb6c5
17.Nd4xc6 Bc8a6
18.Qd3f3 Qc5xc6
19.Rf1c1 a4
20.Ne2d4 Qc6d7
21.Bb3d1 Ba6c4
22.a3 d5
23.exd5 Bf6g5
24.Rc1c2 Bc4xd5
25.Qf3g4 Bg5e7
26.c4 f5
27.Qg4f4 Bd5e4
{ resign }
0-1

[Event "Tourn. n9986"]
[Site "www.echecsemail.com"]
[Date "2018.12.04"]
[Round "1"]
[White "Orhany24"]
[Black "Bojan"]
[WhiteElo "2090"]
[BlackElo "2020"]
[Result "0-1"]
[Round "1"]
1.e4 Ng8f6
2.e5 Nf6d5
3.c4 Nd5b6
4.d4 d6
5.f4 e6
6.Ng1f3 Bf8e7
7.Bc1e3 Bc8d7
8.Nb1c3 f5
9.Bf1d3 a5
10.O-O h6
11.b3 Nb8a6
12.Ra1c1 Kf8
13.d5 Na6b4
14.Bd3b1 Nb4a6
15.Qd1d2 Na6c5
16.Rc1d1 Rh8g8
17.Kf2 g5
18.g3 g4
19.Nf3g1 h5
20.Ng1e2 h4
21.Rf1h1 a4
22.Bb1c2 axb3
23.Bc2xb3 Nb6a4
24.Nc3xa4 Bd7xa4
25.Ne2c1 Nc5e4
{ resign }
0-1

[Event "Tourn. n9978"]
[Site "www.echecsemail.com"]
[Date "2018.12.04"]
[Round "1"]
[White "Picifarkinca"]
[Black "Cal"]
[WhiteElo "1670"]
[BlackElo "1740"]
[Result "1/2-1/2"]
[Round "1"]
1.d4 d5
2.c4 dxc4
3.Ng1f3 e6
4.e3 b5
5.a4 c6
6.axb5 cxb5
7.b3 Bf8b4
8.Bc1d2 Bb4xd2
9.Qd1xd2 Nb8c6
10.bxc4 bxc4
11.Bf1xc4 Ng8f6
12.Nb1c3 h6
13.O-O O-O
14.Rf1b1 a5
15.Bc4b5 Nc6b4
16.Rb1xb4 Bc8b7
17.Rb4b2 Bb7d5
18.Nc3xd5 exd5
19.Bb5a4 Nf6e4
20.Qd2e1 Qd8d6
21.Rb2b5 Rf8c8
22.Rb5xa5 Ra8xa5
23.Qe1xa5 Qd6g6
24.Qa5xd5 Ne4c3
25.Qd5b3 Nc3e2
26.Kf1 Ne2c3
27.Nf3e5 Qg6e4
28.Qb3xf7 Kh7
29.Qf7f3 Qe4xf3
30.Ne5xf3 Rc8c4
31.Ba4c2 g6
32.Bc2d3 Rc4c7
33.Ra1a6 Rc7b7
34.Nf3e1 { draw }
1/2-1/2

[Event "Tourn. n9998"]
[Site "www.echecsemail.com"]
[Date "2018.12.04"]
[Round "1"]
[White "Fantomas"]
[Black "Tonino1"]
[WhiteElo "2150"]
[BlackElo "2150"]
[Result "1-0"]
[Round "1"]
1.e4 d6
2.Ng1f3 Ng8f6
3.Nb1c3 c6
4.Bf1e2 Qd8c7
5.d3 e5
6.h3 g6
7.Bc1g5 Bf8g7
8.Qd1d2 h6
9.Bg5h4 g5
10.Bh4g3 Nf6h5
11.Bg3h2 Nh5f4
12.O-O Qc7e7
13.Rf1e1 h5
14.Bh2xf4 exf4
15.Nf3h2 Bc8e6
16.d4 Nb8d7
17.d5 cxd5
18.exd5 Be6f5
19.Be2d3 Nd7e5
20.Bd3xf5 O-O
21.Bf5d3 Qe7f6
22.Bd3e2 Qf6h6
23.f3 Ra8c8
24.Nc3b5 a6
25.Nb5d4 Rc8c5
26.Nd4f5 Qh6f6
27.Nf5xg7 Qf6xg7
28.b3 g4
29.c4 gxh3
30.Be2f1 Qg7g5
31.Re1e2 Kh7
32.Kh1 Rf8g8
33.Re2f2 Rg8g6
34.Ra1e1 Rc5c8
35.Re1e4 Qg5g3
36.Re4xf4 Rc8g8
37.Rf4e4 f6
38.Re4e3 Qg3f4
39.Re3e2 hxg2
40.Rf2xg2 Qf4h4
41.Qd2e3 Rg6g3
42.Qe3e4 Qh4xe4
43.fxe4 Rg3xg2
44.Re2xg2 Rg8e8
45.Bf1e2 Ne5g6
46.Be2xh5 Re8g8
47.Bh5xg6  { time }
1-0

[Event "Match"]
[Site "www.echecsemail.com"]
[Date "2018.12.04"]
[Round "1"]
[White "Krystek23"]
[Black "Blackorblanc"]
[WhiteElo "2610"]
[BlackElo "1649"]
[Result "1-0"]
[Round "1"]
1.c4 g5
2.Nb1c3 h5
3.d4 g4
4.e4 Bf8h6
5.h3 Bh6xc1
6.Ra1xc1 d6
7.Bf1e2 f5
8.exf5 Ng8f6
9.hxg4 e6
10.g5 Nf6g8
11.Rh1xh5 Rh8xh5
12.Be2xh5 Kf8
13.f6 Bc8d7
14.Ng1f3 { resign }
1-0

[Event "Match"]
[Site "www.echecsemail.com"]
[Date "2018.12.05"]
[Round "1"]
[White "Tonino1"]
[Black "Cathar"]
[WhiteElo "2140"]
[BlackElo "2170"]
[Result "1/2-1/2"]
[Round "1"]
1.d4 Ng8f6
2.Ng1f3 e6
3.e3 b6
4.Bf1d3 Bc8b7
5.O-O d5
6.c3 Bf8d6
7.Nb1d2 Nb8d7
8.Qd1e2 O-O
9.b3 c5
10.Bc1b2 e5
11.dxe5 Nd7xe5
12.Nf3xe5 Bd6xe5
13.f4 Be5c7
14.Qe2f3 Rf8e8
15.Ra1e1 Nf6e4
16.Qf3d1 f5
17.Rf1f3 Re8e6
18.Rf3h3 g6
19.c4 Ne4xd2
20.Qd1xd2 dxc4
21.Qd2c3 Bc7e5
22.Bd3xc4 Be5xc3
23.Bc4xe6 { draw }
1/2-1/2

[Event "Tourn. n10018"]
[Site "www.echecsemail.com"]
[Date "2018.12.05"]
[Round "1"]
[White "Cal"]
[Black "Picifarkinca"]
[WhiteElo "1820"]
[BlackElo "1880"]
[Result "1/2-1/2"]
[Round "1"]
1.d4 c6
2.e4 d5
3.e5 Bc8f5
4.Nb1c3 e6
5.a3 Nb8d7
6.h3 Qd8b6
7.Ng1f3 Ng8e7
8.b4 h6
9.Bc1f4 Ne7g6
10.Bf1e2 Ng6xf4
{ draw }
1/2-1/2

[Event "Tourn. n9892"]
[Site "www.echecsemail.com"]
[Date "2018.12.05"]
[Round "1"]
[White "Gvladutz"]
[Black "Seger"]
[WhiteElo "2480"]
[BlackElo "2870"]
[Result "1/2-1/2"]
[Round "1"]
1.d4 Ng8f6
2.c4 e6
3.Nb1c3 c5
4.d5 exd5
5.cxd5 d6
6.e4 g6
7.h3 Bf8g7
8.Ng1f3 O-O
9.Bf1d3 b5
10.Nc3xb5 Rf8e8
11.O-O Nf6xe4
12.Rf1e1 a6
13.Nb5a3 Ne4f6
14.Re1xe8 Nf6xe8
15.Bc1g5 Qd8c7
16.Qd1a4 Ne8f6
17.Na3b5 Qc7d7
18.Nb5c3 Qd7xa4
19.Nc3xa4 Nb8d7
20.Bg5f4 Bg7f8
21.Bd3c4 Bc8b7
22.Ra1d1 Ra8e8
23.Bf4h2 h6
24.Bc4b3 Nf6e4
25.g4 g5
26.Kf1 Bb7c8
27.Nf3d2 Ne4xd2
28.Rd1xd2 f5
29.gxf5 Nd7e5
30.Bh2xe5 Re8xe5
31.Na4xc5 Bc8xf5
32.Nc5xa6 Bf5xh3
33.Kg1 Re5e1
34.Kh2 Bh3g4
35.Na6b4 Bf8g7
36.Kg2 Re1b1
37.f3 Bg4d7
38.a4 Bg7xb2
39.Bb3a2 Bb2c1
40.Ba2xb1 Bc1xd2
41.Nb4c6 Kf7
42.Kf2 h5
43.Ke2 Bd2c3
44.Bb1d3 Kf6
45.Kf2 h4
46.Ke2 Bd7e8
47.Ke3 Be8f7
48.Bd3e4 Bf7e8
49.Be4d3 { draw }
1/2-1/2

[Event "Match"]
[Site "www.echecsemail.com"]
[Date "2018.12.05"]
[Round "1"]
[White "Add"]
[Black "Apdash"]
[WhiteElo "2210"]
[BlackElo "2330"]
[Result "1/2-1/2"]
[Round "1"]
1.e4 e5
2.Ng1f3 Nb8c6
3.Bf1c4 Bf8c5
4.O-O Ng8f6
5.d3 d6
6.h3 Qd8e7
7.Nb1c3 a6
8.a3 h6
9.Rf1e1 O-O
10.Bc1d2 Bc8e6
11.Nc3d5 Be6xd5
12.exd5 Nc6a7
13.d4 Bc5b6
14.dxe5 dxe5
15.Nf3xe5 Qe7d6
16.Bd2c3 Na7b5
17.Bc4xb5 axb5
18.Qd1f3 Nf6xd5
19.Ra1d1 c6
20.Bc3b4 Bb6c5
21.Bb4xc5 Qd6xc5
22.Ne5d7 Qc5xc2
23.Nd7xf8 Ra8xf8
24.b4 Rf8a8
25.Rd1d4 Qc2b2
26.Rd4d3 g5
27.h4 Nd5f4
28.Rd3e3 Ra8d8
29.Re3e8 Rd8xe8
30.Re1xe8 Kg7
31.hxg5 hxg5
32.g3 Nf4g6
33.Qf3e3 b6
34.Qe3xg5 Qb2xa3
35.Qg5g4 c5
36.bxc5 bxc5
37.Re8b8 Qa3c1
38.Kg2 b4
39.Qg4c8 Qc1c4
40.Qc8c6 Ng6e5
41.Qc6a8 Qc4e6
42.Rb8g8 Kf6
43.Qa8d8 Qe6e7
44.Qd8b6 Kf5
45.Qb6b5 Qe7d6
46.Qb5e2 Qd6d5
47.f3 b3
48.g4 Kf6
49.Qe2a6 Ke7
50.Qa6a7 Kf6
51.Qa7a6 Qd5e6
52.Qa6b5 c4
53.Rg8e8 Qe6d6
54.g5 Kf5
55.Re8xe5 Qd6xe5
56.Qb5xc4 b2
57.Qc4xf7 Kxg5
58.f4 Qe5xf4
59.Qf7g7 Kh4
60.Qg7xb2 Qf4g4
61.Kf1 Qg4h3
62.Qb2g2 { draw }
1/2-1/2

[Event "Tourn. n9999"]
[Site "www.echecsemail.com"]
[Date "2018.12.05"]
[Round "1"]
[White "Cemaah"]
[Black "Louis"]
[WhiteElo "1859"]
[BlackElo "2060"]
[Result "1-0"]
[Round "1"]
1.e4 Ng8f6
2.e5 Nf6d5
3.d4 Nd5b6
4.Ng1f3 d6
5.a4 a5
6.Bf1b5 c6
7.Bb5d3 Bc8g4
8.O-O dxe5
9.dxe5 Nb8d7
10.Rf1e1 e6
11.h3 Bg4h5
12.Nb1d2 Nd7c5
13.Nd2e4 Nc5xd3
14.cxd3 Bf8b4
15.Ne4c3 O-O
16.Qd1e2 { resign }
1-0

[Event "Tourn. n10003"]
[Site "www.echecsemail.com"]
[Date "2018.12.05"]
[Round "1"]
[White "Aiko1603"]
[Black "Bojan"]
[WhiteElo "2060"]
[BlackElo "1960"]
[Result "1-0"]
[Round "1"]
1.c4 g6
2.Nb1c3 Bf8g7
3.g3 e6
4.Bf1g2 c6
5.d4 Ng8e7
6.Ng1f3 d5
7.cxd5 cxd5
8.O-O b6
9.Bc1g5 f6
10.Bg5f4 g5
11.Bf4xb8 Ra8xb8
12.e3 Ne7g6
13.Qd1a4 Bc8d7
14.Qa4xa7 O-O
15.Qa7a3 b5
16.b4 Qd8c7
17.Qa3b3 g4
18.Nf3e1 h5
19.Nc3xd5 exd5
20.Qb3xd5 Kh8
21.Qd5xh5 Kg8
22.Bg2d5 Rf8f7
23.Qh5xg6 Bd7e8
24.Qg6xg4 Rb8d8
25.Bd5xf7 Be8xf7
26.Ne1g2 Qc7b7
27.Ng2f4 Bf7c4
28.Rf1c1 Rd8e8
29.Nf4h5 Qb7f7
30.a4 Bc4e6
31.Qg4xg7 Qf7xg7
32.Nh5xg7 Kxg7
33.Rc1c7 Kg6
34.a5 Re8a8
35.Rc7c5 Be6c4
36.Kg2 Ra8a6
37.Kf3 Bc4d3
38.e4 Ra6e6
39.Ra1e1 Bd3c4
40.Kf4 Re6d6
41.d5 Kf7
42.Rc5c6 { resign }
1-0

[Event "Tourn. n10001"]
[Site "www.echecsemail.com"]
[Date "2018.12.05"]
[Round "1"]
[White "Cal"]
[Black "Picifarkinca"]
[WhiteElo "1810"]
[BlackElo "1840"]
[Result "1/2-1/2"]
[Round "1"]
1.c4 e6
2.e4 c5
3.Ng1f3 Nb8c6
4.a3 Ng8e7
5.Nb1c3 a6
6.d3 d5
7.cxd5 exd5
8.h3 d4
9.Nc3e2 Ne7g6
10.b3 Bf8d6
11.Bc1g5 Qd8a5
12.Nf3d2 f6
13.b4 cxb4
14.a4 Qa5xg5
15.Nd2f3 Qg5a5
16.Qd1b3 Bd6e5
{ draw }
1/2-1/2

[Event "Tourn. n9980"]
[Site "www.echecsemail.com"]
[Date "2018.12.05"]
[Round "1"]
[White "Bojan"]
[Black "Amaya"]
[WhiteElo "1990"]
[BlackElo "2100"]
[Result "1-0"]
[Round "1"]
1.e4 e6
2.d4 d5
3.e5 c5
4.c3 Nb8c6
5.Bc1e3 c4
6.a4 Ng8e7
7.b3 Ne7f5
8.bxc4 Nf5xe3
9.fxe3 Bf8e7
10.c5 a6
11.Bf1d3 Be7h4
12.g3 Bh4g5
13.Qd1f3 O-O
14.Ng1h3 Bg5h6
15.Nh3f2 Nc6a5
16.Nb1d2 b6
17.cxb6 Qd8xb6
18.Nf2d1 Bc8b7
19.Ra1b1 Qb6c7
20.Nd2b3 Na5c4
21.Nb3c5 Bb7c6
22.O-O a5
23.Rf1f2 Nc4xe5
24.dxe5 Qc7xe5
25.Rb1b6 Ra8c8
26.Rb6a6 Rc8c7
27.Ra6xc6 Rc7xc6
28.Nc5d7 Qe5c7
29.Nd7xf8 Kxf8
30.Bd3xh7 f6
31.Bh7d3 Rc6c5
32.Rf2b2 e5
33.Bd3b5 e4
34.Qf3e2 Qc7d6
35.Rb2d2 Qd6e6
36.Kg2 g5
37.Qe2h5 Bh6g7
38.c4 { resign }
1-0

[Event "Match"]
[Site "www.echecsemail.com"]
[Date "2018.12.05"]
[Round "1"]
[White "Guidom"]
[Black "Tbsundar"]
[WhiteElo "2100"]
[BlackElo "2030"]
[Result "0-1"]
[Round "1"]
1.e4 e5
2.Ng1f3 Nb8c6
3.Bf1b5 a6
4.Bb5a4 Ng8f6
5.d3 Bf8e7
6.Ba4xc6 dxc6
7.Nf3xe5 Qd8d4
8.Ne5f3 Qd4b4
9.c3 Qb4b6
10.Qd1b3 Qb6a5
11.Bc1d2 O-O
12.O-O Qa5h5
13.e5 Nf6g4
14.h3 Ng4xe5
15.Nf3xe5 Qh5xe5
16.d4 Qe5h5
17.c4 b6
18.Nb1c3 Qh5g6
19.Nc3e2 Bc8e6
20.Ne2f4 Qg6f5
21.Nf4xe6 fxe6
22.Ra1e1 Be7f6
23.Bd2e3 Ra8d8
24.c5 Qf5d5
25.Qb3xd5 exd5
26.b4 b5
27.a3 Rd8a8
28.Re1a1 a5
29.Rf1d1 Rf8e8
30.Kf1 Re8e4
31.bxa5 Ra8xa5
32.a4 bxa4
33.Ra1a3 Kf7
34.Ke2 Ra5a8
35.Kd3 Re4e8
36.Rd1b1 Ra8a7
37.Rb1b4 Re8a8
38.g3 Ke6
39.g4 g6
40.Rb4b1 Ra7a5
41.Rb1b4 Kd7
42.g5 Bf6e7
43.Kc3 Ke6
44.Rb4b7 Be7d8
45.Kd3 Kf5
46.f4 Ra5b5
47.Rb7xb5 cxb5
48.Kc3 c6
49.Kd3 Bd8a5
50.Ra3a2 Ra8e8
51.Ra2a1 Ba5c7
52.Ra1f1 Re8e4
53.h4 Bc7xf4
{ resign }
0-1

[Event "Tourn. n9973"]
[Site "www.echecsemail.com"]
[Date "2018.12.05"]
[Round "1"]
[White "Ranjachess"]
[Black "Picifarkinca"]
[WhiteElo "1810"]
[BlackElo "1670"]
[Result "0-1"]
[Round "1"]
1.d4 c6
2.Bc1f4 d5
3.e3 e6
4.a3 Bf8d6
5.Qd1g4 Kf8
6.Bf4xd6 Qd8xd6
7.Ng1f3 Ng8f6
8.Qg4g3 Qd6xg3
9.hxg3 Nb8d7
10.Nb1c3 Nf6g4
11.Rh1h4 h5
12.Bf1e2 g6
13.Nf3g5 Ng4f6
14.g4 Kg7
15.O-O-O e5
16.e4 exd4
17.Rd1xd4 Nd7e5
18.gxh5 c5
19.Rd4d1 d4
20.Nc3d5 Nf6xh5
21.Rd1h1 Bc8d7
22.Be2xh5 Rh8xh5
23.Ng5h7 Rh5xh4
24.Rh1xh4 Ra8h8
25.Nd5f6 Bd7c6
26.f4 Ne5c4
27.b3 Nc4xa3
28.f5 Na3b5
29.g4 Nb5c3
30.e5 Nc3d5
31.Rh4h3 gxf5
32.gxf5 Nd5xf6
33.exf6 Kg8
34.Nh7g5 Rh8xh3
35.Ng5xh3 b5
36.Nh3f2 a5
37.Kb2 Bc6f3
38.c3 dxc3
39.Kxc3 Kh7
40.Nf2d3 b4
41.Kb2 Kh6
42.Nd3xc5 Kg5
43.Kc2 Kxf6
44.Kd3 Kxf5
45.Ke3 Bf3c6
46.Nc5a4 Bc6xa4
47.bxa4 Ke5
48.Kd3 Kd5
49.Kc2 f5
50.Kd3 f4
51.Ke2 b3
52.Kf3 b2
53.Kxf4 b1R
54.Ke3 Rb1b4
55.Kd3 Rb4b3
56.Kc2 Kc4
57.Kc1 Rb3d3
58.Kb2 Rd3c3
59.Kb1 Kb3
60.Ka1 Rc3c1

0-1